000 01429cam a22003134a 4500
001 13243035
003 NUST-PNEC
005 20170116180716.0
008 030618s2004 nyua b 001 0 eng
010 _a 2003051140
020 _a0831131748
040 _cPNEC
042 _apcc
050 0 0 _aTJ1185
_b.I76 2004
082 0 0 _a671.53 ISA
_221
100 1 _aIsakov, Edmund.
245 1 0 _aEngineering formulas for metalcutting :
_bpresented in customary U.S and metric units of measure /
_cEdmund Isakov.
260 _aNew York :
_bIndustrial Press,
_cc2004.
300 _axi, 212 p. :
_bill. ;
_c19 cm.
500 _ahttp://www.amazon.com/Engineering-Formulas-Metalcutting-Edmund-Isakov/dp/0831131748/ref=sr_1_1?s=books&ie=UTF8&qid=1413873501&sr=1-1&keywords=0831131748
504 _aIncludes bibliographical references (p. 205-207) and index.
650 0 _aMetal-cutting
_vHandbooks, manuals, etc.
_xME
650 0 _aEngineering mathematics
_vFormulae
_vHandbooks, manuals, etc.
856 4 2 _3Publisher description
_uhttp://www.loc.gov/catdir/enhancements/fy1203/2003051140-d.html
856 4 1 _3Table of contents only
_uhttp://www.loc.gov/catdir/enhancements/fy1203/2003051140-t.html
906 _a7
_bcbc
_corignew
_d1
_eocip
_f20
_gy-gencatlg
942 _2ddc
_cBK
999 _c61190
_d61190